A carregar...

Payyannur :charithravum samoohavum

Detalhes bibliográficos
Autor principal: Pavithran,T
Formato: Printed Book
Idioma:Malayalam
Publicado em: Payyannur: E M S Padanakendram 2007.
LEADER 00490nam a22001337a 4500
008 111204s9999 xx 000 0 mal d
100 |a Pavithran,T. 
245 |a Payyannur :charithravum samoohavum  |c /Pavithran,T. & G D Nair 
260 |a Payyannur:  |b E M S Padanakendram  |c 2007. 
300 |a . 
700 |e G D Nair 
942 |c BK 
999 |c 231297  |d 231297 
952 |0 0  |1 0  |2 ddc  |4 0  |6 954_830000000000000_PAV_P  |7 0  |9 256148  |a MAL  |b MAL  |c ST1  |d 2012-07-20  |g 150.00  |l 0  |o 954.83 PAV/P  |p MAL31802  |r 2015-04-13  |w 2015-04-13  |y BK